000 00526nam a2200217Ia 4500
003 OSt
005 20221005121619.0
006 a|||||r|||| 00| 0
007 ta
008 221004b |||||||| |||| 00| 0 tam d
024 _a47512
037 _cTextual
040 _aCRL
_cCRL
_btam
041 _2tam
_atam
082 _aO31v.N3, K4.1
100 _aPillai
245 0 _aHistory of tamil
650 _aTAMIL LITERATURE
942 _hO31v.N3, K4.1
_cTEXL
_2cc
999 _c1041727
_d1041727